[Event "9th Asrian Memorial 2016"]
[Site "Yerevan ARM"]
[Date "2016.06.23"]
[Round "8.23"]
[White "Hakobyan, Hovhannes H."]
[Black "Gharibyan, Mamikon"]
[Result "1-0"]
[BlackTitle "CM"]
[WhiteElo "2161"]
[BlackElo "2085"]
[WhiteFideId "13306308"]
[BlackFideId "13308300"]
[EventDate "2016.06.16"]

1. e4 e6 2. d4 d5 3. Nc3 Bb4 4. e5 c5 5. dxc5 Bxc5 6. Bd3 Nc6 7. Nf3 Nge7 8. O-O
Ng6 9. Bg5 Qc7 10. Nb5 Qd7 11. Re1 a6 12. Bxg6 fxg6 13. Nbd4 O-O 14. c3 Qc7 15.
Nb3 Ba7 16. Be3 Bxe3 17. Rxe3 Bd7 18. Nbd4 Rf4 19. Qe2 Raf8 20. Rf1 h6 21. Qd3
g5 22. Qg6 Qc8 23. g3 Ne7 24. Qd3 R4f7 25. h3 Qc7 26. Kg2 Qb6 27. b3 Rc8 28. Rd1
Qc7 29. a4 g6 30. Rc1 Kg7 31. a5 Qxa5 32. Re2 Qb6 33. Ra2 Rcf8 34. Rb2 Nc6 35.
Re1 a5 36. Ree2 Qc5 37. Re3 Nd8 38. b4 Qb6 39. b5 Qc5 40. Nh2 b6 41. Ng4 Qc7 42.
Nf6 Nb7 43. Rb1 Nc5 44. Qc2 Ne4 45. Nxe4 dxe4 46. Qxe4 Rxf2+ 47. Kg1 Ra2 48. Nf3
Rxf3 49. Qxf3 Qd8 50. Rf1 Qe7 51. Qb7 h5 52. Qxb6 a4 53. Qc7 Kh6 54. b6 Qa3 55.
Qd8 Kg7 56. Qxd7+ Kh6 57. Qe8 1-0

[Event "9th Asrian Memorial 2016"]
[Site "Yerevan ARM"]
[Date "2016.06.23"]
[Round "8.24"]
[White "Sayadyan, Edvard"]
[Black "Matevosyan, Sedrak"]
[Result "1-0"]
[WhiteElo "2016"]
[BlackElo "2077"]
[WhiteFideId "13304909"]
[BlackFideId "13302035"]
[EventDate "2016.06.16"]

1. e4 e6 2. d4 d5 3. Nc3 Bb4 4. e5 c5 5. a3 Bxc3+ 6. bxc3 Ne7 7. Qg4 O-O 8. Bd3
Nbc6 9. Qh5 Ng6 10. Nf3 Qc7 11. Be3 c4 12. Bxg6 fxg6 13. Qg4 Qf7 14. Ng5 Qf5 15.
Qe2 Re8 16. g4 Qf8 17. h4 Bd7 18. h5 gxh5 19. Rxh5 h6 20. Nh3 Re7 21. Nf4 Be8
22. Rh3 Qf7 23. Kd2 Rc7 24. g5 hxg5 25. Rah1 Kf8 26. Nxd5 exd5 27. Rf3 Kg8 28.
Rxf7 Rxf7 29. Bxg5 Rf5 30. f4 Bg6 31. e6 Re8 32. e7 Rxg5 33. fxg5 Rxe7 34. Qh2
Be4 35. Qh8+ Kf7 36. Qh5+ Ke6 37. Rf1 Kd7 38. g6 Re6 39. Rf7+ Ne7 40. Rxg7 Rxg6
41. Rxg6 Nxg6 42. Qg4+ Kc7 43. Qe6 a6 44. a4 Kb8 45. a5 Ka8 46. Qd6 Ka7 1-0

[Event "9th Asrian Memorial 2016"]
[Site "Yerevan ARM"]
[Date "2016.06.23"]
[Round "8.25"]
[White "Karapetyan, Lusine"]
[Black "Kshtoyan, Indat"]
[Result "1-0"]
[WhiteElo "1961"]
[BlackElo "1939"]
[WhiteFideId "13303163"]
[BlackFideId "13304801"]
[EventDate "2016.06.16"]

1. e4 e6 2. d4 d5 3. Nc3 Bb4 4. exd5 exd5 5. Bd3 Nf6 6. Ne2 c6 7. O-O O-O 8. Bg5
Bg4 9. Qd2 Nbd7 10. a3 Ba5 11. Ng3 Bc7 12. Nce2 Bxe2 13. Qxe2 h6 14. Bd2 Bxg3
15. fxg3 Qe8 16. Qf3 Qd8 17. g4 Qb6 18. Bf5 Qxd4+ 19. Be3 Qxb2 20. Qf2 Qe5 21.
Bf4 Qe7 22. g5 hxg5 23. Bxg5 Qe5 24. Rae1 Ne4 25. Qh4 g6 26. Bxd7 Qxg5 27. Rxe4
Qxh4 28. Rxh4 f5 29. Rb4 Rab8 30. Rfb1 Kf7 31. Rxb7 Rxb7 32. Rxb7 1-0

[Event "9th Asrian Memorial 2016"]
[Site "Yerevan ARM"]
[Date "2016.06.23"]
[Round "8.26"]
[White "Mashalov, Aliniyaz"]
[Black "Arakelyan, Nare"]
[Result "0-1"]
[WhiteElo "1680"]
[BlackElo "1766"]
[WhiteFideId "14004003"]
[BlackFideId "13307657"]
[EventDate "2016.06.16"]

1. Nf3 Nf6 2. e3 b6 3. c4 Bb7 4. b3 e6 5. Bb2 d5 6. Be2 Be7 7. O-O O-O 8. d4 c5
9. cxd5 Nxd5 10. Nc3 Nd7 11. Rc1 N7f6 12. Ne5 cxd4 13. exd4 Rc8 14. Nxd5 Nxd5
15. Bf3 f6 16. Nc4 Qd7 17. Re1 Bb4 18. Re2 b5 19. Bxd5 Qxd5 20. Ne3 Qg5 21. a3
Bd6 22. Qd3 Qf4 23. Ree1 Qxh2+ 24. Kf1 Bf4 25. d5 exd5 26. Rxc8 Rxc8 27. Nxd5
Qh1+ 28. Ke2 Qh5+ 29. g4 Qxd5 0-1

[Event "9th Asrian Memorial 2016"]
[Site "Yerevan ARM"]
[Date "2016.06.23"]
[Round "8.27"]
[White "Golikov, Sergei"]
[Black "Gavrish, Leonid"]
[Result "1-0"]
[WhiteElo "1774"]
[BlackElo "2212"]
[WhiteFideId "34103330"]
[BlackFideId "14110040"]
[EventDate "2016.06.16"]

1. e4 d6 2. d4 Nf6 3. Nc3 g6 4. Be2 Bg7 5. Be3 O-O 6. h4 d5 7. e5 Ne4 8. Nxe4
dxe4 9. h5 c5 10. hxg6 hxg6 11. c3 cxd4 12. cxd4 Nc6 13. Bc4 b5 14. Bb3 Qa5+ 15.
Bd2 Qb6 16. Be3 Rd8 17. d5 Qb8 18. Qc2 Nxe5 19. Qxe4 Bf5 20. Qh4 Nd3+ 21. Kf1
Qe5 22. Nf3 Qxb2 23. Rd1 Rac8 24. Bd4 Bxd4 25. Nxd4 Qxf2+ 26. Qxf2 Nxf2 27. Kxf2
Bg4 28. Rde1 e6 29. dxe6 Rxd4 30. exf7+ Kg7 31. Re8 Rf4+ 32. Kg3 Rxf7 33. Bxf7
Kxf7 34. Rxc8 Bxc8 35. Rh7+ Kf6 36. Rxa7 Bf5 37. Kf3 Bd3 38. Ra6+ Kg5 39. Ra5
Kh4 40. g3+ Kh3 41. Ra8 Kh2 42. a3 Bc4 43. Rh8+ Kg1 44. g4 Bb3 45. g5 Bd1+ 46.
Ke3 Kg2 47. Rb8 Ba4 48. Rb6 1-0

[Event "9th Asrian Memorial 2016"]
[Site "Yerevan ARM"]
[Date "2016.06.23"]
[Round "8.28"]
[White "Korniyuk, Mariya"]
[Black "Grigoryan, Arpine"]
[Result "1-0"]
[WhiteTitle "WFM"]
[WhiteElo "2082"]
[BlackElo "1978"]
[WhiteFideId "14118874"]
[BlackFideId "13307231"]
[EventDate "2016.06.16"]

1. e4 c6 2. d4 d5 3. exd5 cxd5 4. Bd3 Nf6 5. h3 Nc6 6. c3 g6 7. Nf3 Bg7 8. Bf4
O-O 9. O-O Nh5 10. Bc1 Be6 11. Ng5 Bf6 12. Nxh7 Re8 13. Nxf6+ exf6 14. Na3 Ng7
15. Bf4 a6 16. Nc2 Kh7 17. Ne3 Rh8 18. Qf3 Kg8 19. Rad1 f5 20. Be5 f6 21. Bh2
Qd7 22. Qg3 g5 23. Qc7 Qxc7 24. Bxc7 f4 25. Ng4 Ne8 26. Bb6 f3 27. gxf3 Rxh3 28.
Kg2 Rh4 29. Rh1 Bxg4 30. Rxh4 Bxf3+ 31. Kxf3 gxh4 32. Rh1 Kf7 33. Rxh4 Ng7 34.
Bc2 Ne7 35. Rh1 Rc8 36. Bc5 b5 37. Re1 Nc6 38. b4 Rh8 39. Kg2 Rg8 40. Kf1 Rh8
41. a4 Ne6 42. Bg6+ Kxg6 43. Rxe6 Nb8 44. a5 Kf5 45. Rb6 Ke4 46. Rxf6 Kd3 47.
Rf3+ Kd2 48. Kg2 Rh6 49. Kg3 Nd7 50. Be7 Rc6 51. Kf4 Ke2 52. Bh4 Kd2 53. Kf5 Ke2
54. Re3+ Kd2 55. Bg5 Kc2 56. f4 Kd2 57. Rh3 Kc2 58. Be7 1-0

[Event "9th Asrian Memorial 2016"]
[Site "Yerevan ARM"]
[Date "2016.06.23"]
[Round "8.29"]
[White "Nanyan, Georgy"]
[Black "Nazaryan, Armenak"]
[Result "1/2-1/2"]
[WhiteElo "1570"]
[BlackElo "1845"]
[WhiteFideId "13310100"]
[BlackFideId "13304747"]
[EventDate "2016.06.16"]

1. Nf3 d5 2. g3 Nf6 3. Bg2 b6 4. O-O Bb7 5. d4 e6 6. b3 Be7 7. Bb2 Nbd7 8. Nbd2
O-O 9. c4 c5 10. e3 h6 11. Rc1 Rc8 12. Re1 Re8 13. h3 Ne4 14. Nxe4 dxe4 15. Ne5
Nxe5 16. dxe5 Qxd1 17. Rexd1 Red8 18. Kf1 Rxd1+ 19. Rxd1 Rd8 20. Rxd8+ Bxd8 21.
Ke2 Bc7 1/2-1/2

[Event "9th Asrian Memorial 2016"]
[Site "Yerevan ARM"]
[Date "2016.06.23"]
[Round "8.30"]
[White "Abrahamyan, Rashid"]
[Black "Hairapetian, Anna"]
[Result "0-1"]
[BlackTitle "WIM"]
[WhiteElo "1756"]
[BlackElo "2184"]
[WhiteFideId "13304054"]
[BlackFideId "13303554"]
[EventDate "2016.06.16"]

1. b3 e5 2. Bb2 d6 3. e3 Nf6 4. Nc3 Be7 5. Be2 O-O 6. Bf3 d5 7. d4 e4 8. Be2 c6
9. f4 exf3 10. Bxf3 Re8 11. Qd3 Ng4 12. Nd1 Bg5 13. Bc1 Na6 14. c3 Qd6 15. Bxg4
Bxg4 16. Nf3 Bxf3 17. gxf3 Bh4+ 18. Kf1 c5 19. a3 Rac8 20. Nf2 Qf6 21. Qe2 cxd4
22. cxd4 Bxf2 23. Qxf2 Nc5 0-1

[Event "9th Asrian Memorial 2016"]
[Site "Yerevan ARM"]
[Date "2016.06.23"]
[Round "8.31"]
[White "Hakobyan, Yurik L."]
[Black "Chubar, Vladimir"]
[Result "0-1"]
[BlackTitle "IM"]
[WhiteElo "1544"]
[BlackElo "2007"]
[WhiteFideId "13308866"]
[BlackFideId "14101491"]
[EventDate "2016.06.16"]

1. Nf3 Nf6 2. c4 e6 3. d4 Bb4+ 4. Bd2 Qe7 5. a3 Bxd2+ 6. Nbxd2 a5 7. e4 d6 8.
Qa4+ Bd7 9. Qc2 e5 10. d5 a4 11. Be2 Na6 12. O-O Nh5 13. g3 Nc5 14. Rfe1 O-O 15.
Nh4 Nf4 16. Bf1 g6 17. Re3 Rae8 18. Rb1 b6 19. Rbe1 Qf6 20. Qc3 Qd8 21. Qc2 Nh5
22. Be2 Ng7 23. Qd1 f5 24. exf5 Nxf5 25. Nxf5 Bxf5 26. Bg4 Qd7 27. Bxf5 Qxf5 28.
Rf3 Qd7 29. Ne4 Nxe4 30. Rxe4 Rxf3 31. Qxf3 Rf8 32. Qe3 Qf5 33. Kg2 Kg7 34. Rh4
Rf7 35. Re4 g5 36. h3 h6 37. Rg4 Qc2 38. h4 Qf5 39. Qe2 Kf8 40. hxg5 hxg5 41. f3
Qb1 42. f4 gxf4 43. gxf4 Rxf4 44. Rxf4+ exf4 45. Kf3 Qc1 46. Qe4 Qxb2 47. Qxf4+
Ke8 48. Qe4+ Kd8 49. Qh4+ Kc8 50. Qg4+ Kb7 51. Qd7 Qxa3+ 52. Ke4 Qb3 53. Qc6+
Kb8 54. Qe8+ Ka7 55. Qc6 Qc2+ 56. Kd4 Qd2+ 57. Ke4 Qe2+ 58. Kd4 Qg4+ 59. Kd3
Qg6+ 60. Kd2 Qh6+ 61. Kd3 Qh7+ 62. Kc3 Qh3+ 63. Kd4 Qg4+ 64. Kd3 Qf5+ 65. Ke3
Qe5+ 66. Kd3 Qg3+ 67. Ke2 Qg2+ 68. Kd3 Qf1+ 69. Kd2 Qf2+ 70. Kd3 Qc5 71. Qxa4+
Kb7 72. Qa1 b5 73. Qa2 Qxc4+ 74. Qxc4 bxc4+ 75. Kxc4 Ka6 76. Kb4 Kb6 77. Kc4 Ka5
78. Kc3 Kb5 79. Kd4 Kb4 80. Ke3 Kc5 81. Ke4 Kc4 0-1

[Event "9th Asrian Memorial 2016"]
[Site "Yerevan ARM"]
[Date "2016.06.24"]
[Round "9.2"]
[White "Andriasian, Zaven"]
[Black "Gabuzyan, Hovhannes"]
[Result "1-0"]
[WhiteTitle "GM"]
[BlackTitle "GM"]
[WhiteElo "2611"]
[BlackElo "2614"]
[WhiteFideId "13302000"]
[BlackFideId "13303732"]
[EventDate "2016.06.16"]

1. e4 c5 2. Nf3 d6 3. d4 cxd4 4. Nxd4 Nf6 5. Nc3 a6 6. Be3 Ng4 7. Bc1 Nf6 8. Be3
e5 9. Nf3 Be7 10. Bc4 O-O 11. O-O Be6 12. Qe2 b5 13. Bb3 h6 14. Nh4 Nbd7 15. Nf5
Rc8 16. Rfd1 Nc5 17. Nd5 Nxd5 18. Bxd5 Bxf5 19. exf5 Bg5 20. Bxc5 Rxc5 21. b4
Rc3 22. a4 bxa4 23. Rxa4 Qc8 24. Be4 Qc4 25. Bd3 Qc7 26. Qe4 Rd8 27. Qd5 Rc6 28.
g3 Rb6 29. Rda1 Qc3 30. Rxa6 Rxb4 31. Ra8 Rbb8 32. R1a7 e4 33. Rxb8 Rxb8 34.
Qxe4 Qe5 35. Qxe5 dxe5 36. Bc4 Rf8 37. Bd5 Bd2 38. c4 Bb4 39. Kg2 Bc5 40. Rc7
Bb6 41. Rb7 Bd4 42. g4 Ra8 43. Rxf7 Ra1 44. h4 Rc1 45. g5 hxg5 46. hxg5 1-0

[Event "9th Asrian Memorial 2016"]
[Site "Yerevan ARM"]
[Date "2016.06.24"]
[Round "9.3"]
[White "Hovhannisyan, Robert"]
[Black "Babujian, Levon"]
[Result "1-0"]
[WhiteTitle "GM"]
[BlackTitle "GM"]
[WhiteElo "2641"]
[BlackElo "2469"]
[WhiteFideId "13302507"]
[BlackFideId "13301993"]
[EventDate "2016.06.16"]

1. e4 e5 2. Nf3 Nc6 3. Bb5 a6 4. Ba4 Nf6 5. O-O Be7 6. d3 b5 7. Bb3 O-O 8. Nc3
Bb7 9. Nd5 Na5 10. Nxe7+ Qxe7 11. Nh4 Nxb3 12. axb3 d5 13. Nf5 Qe6 14. f3 g6 15.
Nh6+ Kh8 16. Qe1 Nd7 17. Qh4 Rae8 18. Bd2 c5 19. b4 c4 20. dxc4 dxe4 21. fxe4
bxc4 22. b5 f5 23. Bb4 Rf6 24. Rad1 g5 25. exf5 Qb6+ 26. Qf2 Qxb5 27. Ng4 Rf7
28. Bc3 h5 29. Rxd7 Rxd7 30. Nf6 Rf7 31. Nxe8 Qxe8 32. Qe3 Kh7 33. f6 Qe6 34.
Qxg5 Qg4 35. Qxg4 hxg4 36. Bxe5 Bc8 37. Kf2 Kg6 38. Ke3 Be6 39. Ra1 Ra7 40. Ra5
Ra8 41. Kf4 Kf7 42. Bd4 Rd8 43. Bc3 Rd6 44. Rh5 Rd7 45. Rh8 a5 46. Ra8 Rd5 47.
Ra7+ Kf8 48. Rxa5 Rxa5 49. Bxa5 Kf7 50. Ke5 Bd7 51. b4 cxb3 52. cxb3 Bc6 53. h3
g3 54. Be1 Bxg2 55. h4 Bf3 56. Bxg3 Ke8 57. b4 Be2 58. Ke6 1-0

[Event "9th Asrian Memorial 2016"]
[Site "Yerevan ARM"]
[Date "2016.06.24"]
[Round "9.4"]
[White "Oleksiyenko, Mykhaylo"]
[Black "Sargsyan, Shant"]
[Result "1-0"]
[WhiteTitle "GM"]
[BlackTitle "CM"]
[WhiteElo "2615"]
[BlackElo "2378"]
[WhiteFideId "4152417"]
[BlackFideId "13306766"]
[EventDate "2016.06.16"]

1. e4 c5 2. Nf3 d6 3. d4 cxd4 4. Nxd4 Nf6 5. Nc3 Nc6 6. f3 e5 7. Nb3 Be7 8. Be3
O-O 9. Qd2 a5 10. Bb5 Na7 11. Bd3 Be6 12. Rd1 Nc8 13. O-O Nb6 14. Qf2 Nc4 15.
Bxc4 Bxc4 16. Rfe1 Qb8 17. a4 Rc8 18. Nd2 Be6 19. Ndb1 Ra6 20. b3 Rac6 21. Rd3
Nd7 22. Re2 f5 23. Nd5 Bd8 24. exf5 Bxf5 25. Rdd2 b5 26. axb5 Qxb5 27. Na3 Qb7
28. Qg3 Nf6 29. Nxf6+ Bxf6 30. Bg5 Bg6 31. Bxf6 gxf6 32. h4 Kh8 33. Qg4 Qf7 34.
Rxd6 h5 35. Qh3 Rxd6 36. Qxc8+ Kg7 37. Nc4 Qa7+ 38. Kh2 Rd4 39. Kg3 a4 40. bxa4
Qxa4 41. Ne3 Rxh4 42. c4 Rh1 43. Qc7+ Kh6 44. Qd8 Qa1 45. Qxf6 h4+ 46. Kg4 Qd4+
47. f4 Qxf4+ 48. Qxf4+ exf4 49. Kxf4 h3 50. gxh3 Rxh3 51. Nf5+ Kh7 52. Re7+ Kh8
53. Kg5 Bh5 54. c5 Bf3 55. Re3 Kg8 56. c6 Rh5+ 57. Kg6 Rxf5 58. c7 Rf8 59. Rxf3
Rc8 60. Rd3 1-0

[Event "9th Asrian Memorial 2016"]
[Site "Yerevan ARM"]
[Date "2016.06.24"]
[Round "9.5"]
[White "Pashikian, Arman"]
[Black "Baghdasaryan, Vahe"]
[Result "1-0"]
[WhiteTitle "GM"]
[BlackTitle "IM"]
[WhiteElo "2611"]
[BlackElo "2452"]
[WhiteFideId "13301578"]
[BlackFideId "13303139"]
[EventDate "2016.06.16"]

1. d4 d6 2. e4 Nf6 3. Nc3 g6 4. Nf3 Bg7 5. h3 c6 6. Bd3 O-O 7. O-O Nbd7 8. e5
Ne8 9. Re1 dxe5 10. Nxe5 Nc7 11. Nf3 c5 12. Be3 b6 13. Be4 Rb8 14. Bf4 Bb7 15.
dxc5 bxc5 16. Bxb7 Rxb7 17. Bxc7 Qxc7 18. Nd5 Qd8 19. Rxe7 Re8 20. Qe2 Rxe7 21.
Nxe7+ Kf8 22. Nc6 Qc8 23. Qe7+ Kg8 24. Nd8 Rb8 25. Qxf7+ Kh8 26. Rd1 Qxd8 27.
Rxd7 Qg8 28. Qxg8+ Kxg8 29. b3 a5 30. Rc7 Bd4 31. Nxd4 cxd4 32. Kf1 1-0

[Event "9th Asrian Memorial 2016"]
[Site "Yerevan ARM"]
[Date "2016.06.24"]
[Round "9.6"]
[White "Mikaelyan, Arman"]
[Black "Sivuk, Vitaly"]
[Result "1/2-1/2"]
[WhiteTitle "IM"]
[BlackTitle "GM"]
[WhiteElo "2444"]
[BlackElo "2520"]
[WhiteFideId "13304852"]
[BlackFideId "14116502"]
[EventDate "2016.06.16"]

1. Nf3 c5 2. c4 g6 3. g3 b6 4. Bg2 Bb7 5. O-O Bg7 6. Nc3 Nf6 7. b3 d5 8. cxd5
Nxd5 9. Bb2 Nc6 10. Qc1 O-O 11. d3 e5 12. Re1 Nc7 13. Ne4 h6 14. a3 a5 15. Ned2
Rb8 16. Nc4 Nd4 17. Ncd2 Nd5 18. e3 Nxf3+ 19. Nxf3 Re8 20. Qc2 Qd7 21. d4 cxd4
22. exd4 Rbc8 23. Qd2 e4 24. Ne5 Qb5 25. b4 axb4 26. Bxe4 Ba8 27. Bd3 Qa4 28.
axb4 Qxb4 29. Qxb4 Nxb4 30. Bc4 Bd5 31. Bxd5 Nxd5 32. Rec1 g5 33. Kg2 f6 34. Nd3
Rxc1 35. Rxc1 Bf8 36. Kf3 h5 37. h3 Kf7 38. Ra1 Rc8 39. Ra7+ Rc7 40. Ra8 Rc2 41.
Ke4 Ne7 42. g4 h4 43. Ra7 Ke8 44. Ra1 Re2+ 45. Kf3 Rd2 46. Ke3 Rc2 47. Ke4 Re2+
48. Kf3 Rd2 49. Ke4 1/2-1/2

[Event "9th Asrian Memorial 2016"]
[Site "Yerevan ARM"]
[Date "2016.06.24"]
[Round "9.7"]
[White "Martirosyan, Haik M."]
[Black "Zubov, Alexander"]
[Result "1/2-1/2"]
[WhiteTitle "IM"]
[BlackTitle "GM"]
[WhiteElo "2443"]
[BlackElo "2627"]
[WhiteFideId "13306553"]
[BlackFideId "14109409"]
[EventDate "2016.06.16"]

1. d4 Nf6 2. c4 c5 3. d5 b5 4. cxb5 a6 5. bxa6 g6 6. Nc3 Bg7 7. e4 O-O 8. Nf3
Qa5 9. Bd2 Bxa6 10. Bxa6 Qxa6 11. Qe2 e6 12. Qxa6 Nxa6 13. dxe6 fxe6 14. O-O d5
15. exd5 exd5 16. Bg5 d4 17. Bxf6 Rxf6 18. Ne4 Re6 19. Ned2 Nb4 20. Nb3 Bf8 21.
Rfc1 Rxa2 22. Rxa2 Nxa2 23. Rc4 Nb4 24. Kf1 Nd3 25. Rc2 Rb6 26. Nfd2 Rb5 27. g3
Kf7 28. Ke2 Ne5 29. Nc1 Ke6 30. Nd3 Nxd3 31. Kxd3 Kd5 32. h4 Be7 33. b3 Bd8 34.
Rb2 Ba5 35. Nc4 Bc3 36. Rb1 Rb7 37. f4 Ra7 38. Rf1 Ke6 39. g4 Ra2 40. f5+ gxf5
41. gxf5+ Kf6 42. Nb6 Bb4 43. Nd5+ Kf7 44. Nxb4 cxb4 45. Rf4 Rb2 46. Kc4 d3 47.
Rd4 d2 48. Kxb4 Rc2 49. Ka3 h5 50. b4 Rc3+ 51. Ka4 Rc4 52. Rxd2 Rxh4 53. Rf2 Kf6
54. Ka5 Rh1 55. b5 Ra1+ 56. Kb6 h4 57. Rf3 Rg1 58. Kc6 Rg3 59. Rf1 h3 60. b6
Rc3+ 1/2-1/2

[Event "9th Asrian Memorial 2016"]
[Site "Yerevan ARM"]
[Date "2016.06.24"]
[Round "9.8"]
[White "Stupak, Kirill"]
[Black "Torosyan, Norayr"]
[Result "1/2-1/2"]
[WhiteTitle "GM"]
[WhiteElo "2555"]
[BlackElo "2361"]
[WhiteFideId "13503758"]
[BlackFideId "13300431"]
[EventDate "2016.06.16"]

1. Nf3 Nf6 2. c4 g6 3. d4 Bg7 4. g3 O-O 5. Bg2 d6 6. O-O Nc6 7. Nc3 a6 8. h3 Bd7
9. e4 e5 10. Be3 exd4 11. Nxd4 Re8 12. Re1 Qc8 13. Nxc6 bxc6 14. Kh2 Rb8 15. Qd2
c5 16. b3 Bc6 17. Bh6 Bh8 18. Rad1 Qb7 19. Re3 Nxe4 20. Bxe4 Bxe4 21. Rde1 f5
22. f3 Bc6 23. Qd5+ Bxd5 24. Rxe8+ Rxe8 25. Rxe8+ Kf7 26. Rf8+ Ke6 27. cxd5+ Ke7
28. Rxh8 c4 29. Rxh7+ Ke8 30. Rh8+ Kf7 31. Kg2 cxb3 32. axb3 Qxb3 33. Ne2 Qb2
34. Rh7+ Ke8 35. Kf2 a5 36. Bg7 Qc2 37. Bc3 a4 38. Rxc7 a3 39. Ra7 a2 40. Ra3 g5
41. h4 f4 42. hxg5 fxg3+ 43. Kxg3 Qxe2 44. g6 Qe3 45. Ra8+ Ke7 46. g7 Qg1+ 47.
Kf4 Qc1+ 48. Kf5 Qb1+ 49. Kg5 Qg1+ 50. Kf5 Qb1+ 51. Kf4 Qc1+ 52. Ke4 Qc2+ 53.
Kd4 Qf2+ 54. Ke4 Qc2+ 55. Kf4 Qc1+ 56. Kf5 Qb1+ 57. Kg5 Qg1+ 58. Kf5 Qb1+ 59.
Kg5 Qg1+ 60. Kf5 Qb1+ 1/2-1/2

[Event "9th Asrian Memorial 2016"]
[Site "Yerevan ARM"]
[Date "2016.06.24"]
[Round "9.9"]
[White "Shahinyan, David"]
[Black "Ter-Sahakyan, Samvel"]
[Result "0-1"]
[WhiteTitle "IM"]
[BlackTitle "GM"]
[WhiteElo "2442"]
[BlackElo "2617"]
[WhiteFideId "13304380"]
[BlackFideId "13302531"]
[EventDate "2016.06.16"]

1. Nf3 d5 2. g3 c6 3. c4 Bg4 4. Qb3 Bxf3 5. exf3 Qd7 6. d4 e6 7. Nc3 Nf6 8. Bf4
dxc4 9. Bxc4 Be7 10. O-O O-O 11. Rfd1 Nd5 12. Nxd5 exd5 13. Bd3 a5 14. Re1 a4
15. Qc2 g6 16. a3 Na6 17. Qxa4 Nc5 18. Qd1 Ne6 19. Bh6 Rfe8 20. Bf1 f5 21. Re3
Bf6 22. Rd3 Qf7 23. Be3 f4 24. Bc1 Qg7 25. Rb1 g5 26. b4 Nxd4 27. Bb2 Nxf3+ 28.
Qxf3 Bxb2 29. b5 fxg3 30. hxg3 Bd4 31. bxc6 bxc6 32. Bh3 Re7 33. Rc1 Rf8 34. Bf5
Qe5 35. g4 c5 36. Rdd1 Rxf5 37. Qxf5 Qg3+ 38. Kf1 Qh3+ 39. Kg1 Bxf2+ 40. Kxf2
Qh2+ 41. Kf1 Rf7 42. Qxf7+ Kxf7 43. Rc3 Ke6 44. Re1+ Kd6 45. Rf3 c4 0-1

[Event "9th Asrian Memorial 2016"]
[Site "Yerevan ARM"]
[Date "2016.06.24"]
[Round "9.10"]
[White "Grigoryan, Karen H."]
[Black "Hakobyan, Aram"]
[Result "0-1"]
[WhiteTitle "GM"]
[BlackTitle "FM"]
[WhiteElo "2604"]
[BlackElo "2382"]
[WhiteFideId "13301004"]
[BlackFideId "13306677"]
[EventDate "2016.06.16"]

1. e4 c6 2. d4 d5 3. e5 Bf5 4. h4 h5 5. c4 e6 6. Nc3 Ne7 7. Bg5 Qb6 8. Qd2 Nd7
9. Nge2 dxc4 10. Ng3 Qb4 11. Be2 Bg6 12. a3 Qb3 13. Rc1 O-O-O 14. Qe3 Qxb2 15.
O-O Nb6 16. Qf3 Rxd4 17. Be3 Rxh4 18. a4 Ned5 19. a5 Nxc3 20. axb6 a5 21. Bg5
Nxe2+ 22. Nxe2 Rg4 23. Rfd1 Rxg5 24. Rxc4 Qxb6 25. Rdc1 c5 26. Qe3 Rg4 27. Rxc5+
Bxc5 28. Rxc5+ Kb8 29. Rc8+ Ka7 30. Rc5 Rb4 31. Rxa5+ Kb8 32. Qa3 Rd8 33. Ra8+
Kc7 34. Qc3+ Qc6 0-1

[Event "9th Asrian Memorial 2016"]
[Site "Yerevan ARM"]
[Date "2016.06.24"]
[Round "9.11"]
[White "Petrosyan, Manuel"]
[Black "Bakunts, Rafael"]
[Result "1-0"]
[WhiteTitle "IM"]
[WhiteElo "2518"]
[BlackElo "2355"]
[WhiteFideId "13300857"]
[BlackFideId "13304097"]
[EventDate "2016.06.16"]

1. d4 d5 2. c4 c6 3. Nc3 Nf6 4. e3 e6 5. b3 Bb4 6. Bb2 Ne4 7. Ne2 Qf6 8. f3
Bxc3+ 9. Bxc3 Nxc3 10. Nxc3 O-O 11. f4 c5 12. cxd5 cxd4 13. Qxd4 Qxd4 14. exd4
exd5 15. Nxd5 Nc6 16. Nc7 Rb8 17. d5 Ne7 18. Be2 Rd8 19. Bf3 Nf5 20. Kf2 Nd6 21.
Rac1 b6 22. Rhd1 Bb7 23. a4 Rd7 24. Nb5 Nxb5 25. axb5 Rbd8 26. Bg4 Rd6 27. Rc6
Kf8 28. Rxd6 Rxd6 29. Bf3 Ke7 30. Ke3 a5 31. bxa6 Bxa6 32. Kd4 Rd7 33. Ke5 f6+
34. Kd4 Kd6 35. Ra1 Bb5 36. Ra8 h6 37. Re8 Rb7 38. Re6+ Kd7 39. h4 Kd8 40. Bh5
Bd7 41. Re3 Ra7 42. Rg3 Bf5 43. Bg6 Bd7 44. Bd3 Be8 45. Bf5 Bb5 46. Be6 Re7 47.
Rc3 Rc7 48. d6 Rxc3 49. Kxc3 Bc6 50. g3 Bg2 51. Kc4 Bc6 52. Kb4 Ke8 53. Kc3 Kd8
54. Kc4 Ke8 55. Bd5 Bd7 56. b4 Ba4 57. Be6 Bc6 58. Kd4 Kd8 59. Bf5 Bf3 60. Be4
Bg4 61. Kc4 Bd7 62. Kd5 Kc8 63. Bd3 Kd8 64. Be2 Kc8 65. Ba6+ Kb8 66. b5 g6 67.
f5 Bxf5 68. Kc6 Be4+ 69. Kd7 g5 70. Ke7 1-0

[Event "9th Asrian Memorial 2016"]
[Site "Yerevan ARM"]
[Date "2016.06.24"]
[Round "9.12"]
[White "Kotanjian, Tigran"]
[Black "Manukyan, Sargis A."]
[Result "1-0"]
[WhiteTitle "GM"]
[WhiteElo "2485"]
[BlackElo "2247"]
[WhiteFideId "13301250"]
[BlackFideId "13303970"]
[EventDate "2016.06.16"]

1. d4 d5 2. c4 e6 3. Nf3 Nf6 4. g3 Be7 5. Bg2 O-O 6. Qc2 dxc4 7. Qxc4 a6 8. Bg5
b5 9. Qc2 Bb7 10. Bxf6 Bxf6 11. O-O Ra7 12. Rd1 Bxf3 13. Bxf3 Bxd4 14. a4 Qf6
15. axb5 axb5 16. Rxa7 Bxa7 17. Qxc7 Bd4 18. Nc3 Na6 19. Qd6 Bxc3 20. bxc3 Nb8
21. Qc5 g6 22. Rd4 Qf5 23. Qxf5 gxf5 24. Bb7 Re8 25. Rb4 Re7 26. Rxb5 Rc7 27.
Bf3 Na6 28. Rb6 Nc5 29. Rc6 Rxc6 30. Bxc6 Kf8 31. f3 Ke7 32. Kf2 Kd6 33. Be8 f6
34. Ke3 Kd5 35. Bb5 Nb7 36. Bd3 Ke5 37. f4+ Kd6 38. Kf3 Nc5 39. g4 fxg4+ 40.
Kxg4 f5+ 41. Kg5 Kd5 42. h4 Kd6 43. Kf6 Nd7+ 44. Kg7 Ke7 45. Kxh7 Kf7 46. c4 Nc5
47. Bc2 Nd7 48. Ba4 Nf6+ 49. Kh6 Ng4+ 50. Kh5 Kg7 51. Kg5 Nf2 52. h5 Ne4+ 53.
Kh4 Kh6 54. Bd7 Nc5 55. Bc6 Nb3 56. Bf3 Nc5 57. Kg3 Kg7 58. Kf2 Kf6 59. Ke3 e5
60. fxe5+ Kxe5 1-0

[Event "9th Asrian Memorial 2016"]
[Site "Yerevan ARM"]
[Date "2016.06.24"]
[Round "9.13"]
[White "Vardanian, Haik G."]
[Black "Petrosyan, Tigran S."]
[Result "1-0"]
[WhiteTitle "FM"]
[BlackTitle "IM"]
[WhiteElo "2355"]
[BlackElo "2478"]
[WhiteFideId "13303562"]
[BlackFideId "13303678"]
[EventDate "2016.06.16"]

1. e4 e5 2. Nf3 Nc6 3. Nc3 Nf6 4. Bb5 Bb4 5. O-O O-O 6. d3 d6 7. Bxc6 bxc6 8.
Ne2 Bg4 9. Ng3 Nh5 10. c3 Nxg3 11. hxg3 Bc5 12. Qa4 Qe8 13. Re1 Bb6 14. Nh2 Be6
15. Be3 Bxe3 16. Rxe3 c5 17. Qa3 Qb5 1-0